| 000 | 00876nam a2200205 i 4500 | ||
|---|---|---|---|
| 001 | 106265 | ||
| 003 | ES-MaACL | ||
| 005 | 20250828131210.0 | ||
| 007 | t| | ||
| 008 | 061018s1927 fr |||| | fre d | ||
| 100 | 1 |
_aPossehl. E. _993346 |
|
| 245 | 1 | 4 |
_aUne guerre économique jettera l'Allemagne á genoux / _cdiscours prononcé, le 11 mai 1912, par M. le négociant en gros E. Possehl (de Lübeck) dans la première séance de la Direction générale du "Deutscher Werkverein", áa Berlin (Maison de l'Union des Professeurs). |
| 260 |
_aLyon : _b[s.n.], _c1927 ( _fImpr. de E. Vitte) |
||
| 300 |
_a24 p. ; _c18 cm. |
||
| 500 | _aDatos de edición tomados del catálogo de la Biblioteca Nacional de Francia. | ||
| 852 |
_aES-MaACL _jArmario18 _xOlim: T-1421-F-1 |
||
| 852 |
_aES-MaACL _j1482-F-6 |
||
| 942 |
_2udc _cFOLLETOS |
||
| 999 |
_c106265 _d106265 |
||